| 000 | 00825cam a2200289 a 4500 | ||
|---|---|---|---|
| 001 | 15163956 | ||
| 003 | OSt | ||
| 005 | 20230607091038.0 | ||
| 008 | 080201s2007 ke a 010 0 eng | ||
| 010 | _a 2008346160 | ||
| 020 | _a9789966701923 | ||
| 020 | _a9966701923 | ||
| 040 |
_aDLC _cDLC |
||
| 042 | _alcode | ||
| 043 | _af-ke--- | ||
| 050 | 0 | 0 |
_aJQ2947.A56 _bC647 2007 |
| 082 |
_a364.1323 _bKID |
||
| 100 | 1 |
_aKidombo, Pius K. _q(Pius Kipketer) |
|
| 245 | 1 | 4 |
_aThe architecture of corruption in Kenya / _cPius K. Kidombo. |
| 260 |
_aNairobi : _bSino Printers and Publishers, _c2007. |
||
| 300 |
_a258 p. : _bill. ; _c21 cm. |
||
| 500 | _a"May 2007." | ||
| 650 | 0 |
_aCorruption _zKenya. |
|
| 906 |
_a7 _bcbc _corigode _d3 _encip _f20 _gy-gencatlg |
||
| 942 |
_2ddc _cBK |
||
| 999 |
_c778 _d778 |
||